| 000 | 00600nam a2200205 4500 | ||
|---|---|---|---|
| 008 | 240209b |||||||| |||| 00| 0 eng d | ||
| 016 | _2retro2021 | ||
| 020 | _a978364498 | ||
| 040 |
_aNLN _bEng |
||
| 050 |
_aBV4637 _b.B199 |
||
| 082 | _a234.23 | ||
| 100 |
_aBAMIGBOYE, Timothy D. _eaut _932551 |
||
| 245 |
_aLook Unto Jesus / _cTimothy D. Bamigboye |
||
| 260 |
_aOshodi, Lagos state ( No.16 Salimonu Street ) : _b Abounding Grace, _c1999 |
||
| 300 |
_a; i,57p. _b ; 17cm |
||
| 563 | _a(pbk) | ||
| 650 |
_aTrust in God _94982 |
||
| 650 |
_aChristian life _vBiblical teaching _91749 |
||
| 942 | _cBK | ||
| 999 |
_c16558 _d16558 |
||